000 00702nam a22002417a 4500
003 dpl
005 20180614123020.0
008 180614b xxu||||| |||| 00| 0 eng d
010 _aA-897774
020 _c00.00
035 _aA-897774, A-897782
037 _bCen Lib/Ret
040 _aDPL
_bEN
_c0
082 _a658
_bLOM
100 _aLomash, S.
_925799
245 _aValue management :
_cby S. Lomash
_ba textbook /
260 _aNew Delhi
_bSterling Publishers
_c1997
270 _aL-10, Green Park Extension
_bNew Delhi
_e110016
300 _axii,164p.:
_c21cm(Hb)
_bill.
650 _aGeneral management
_916441
650 _aManagement
_93072
942 _2ddc
_cEN
_h658
_mLOM
999 _c129235
_d129235